Wireless Transmission Of Audio Via Bluetooth / (Record no. 190731)

000 -LEADER
fixed length control field 00749 a2200193 4500
003 - CONTROL NUMBER IDENTIFIER
control field NUST
005 - DATE AND TIME OF LATEST TRANSACTION
control field 20251125165910.0
040 ## - CATALOGING SOURCE
Transcribing agency Nust
082 ## - DEWEY DECIMAL CLASSIFICATION NUMBER
Classification number 621.382,HAS
100 ## - MAIN ENTRY--PERSONAL NAME
Personal name NC Hasan,Waseem (TCC-20)
9 (RLIN) 132090
245 ## - TITLE STATEMENT
Title Wireless Transmission Of Audio Via Bluetooth /
Statement of responsibility, etc. NC Waseem Hassan, PC Muhammad Abdullah, Nc Muhammad Shaheer Nawaz and NC Hadier Wazir Khan
260 ## - PUBLICATION, DISTRIBUTION, ETC.
Place of publication, distribution, etc. Rawalpindi
Name of publisher, distributor, etc. MCS (NUST)
Date of publication, distribution, etc. 2012
300 ## - PHYSICAL DESCRIPTION
Extent viii,34 p.;
505 ## - FORMATTED CONTENTS NOTE
Formatted contents note Introduction (Page-1), Literature Review (Page-4), Design and Development (Page-13), Project Analysis (Page-25), Conclusion (Page-28) Bibliography (Page-34).
650 ## - SUBJECT ADDED ENTRY--TOPICAL TERM
Topical term or geographic name entry element UG Projects
9 (RLIN) 98716
651 ## - SUBJECT ADDED ENTRY--GEOGRAPHIC NAME
Geographic name TCC-20
9 (RLIN) 131219
700 ## - ADDED ENTRY--PERSONAL NAME
Personal name Supervised by Dr. Asif Masood
9 (RLIN) 132091
942 ## - ADDED ENTRY ELEMENTS (KOHA)
Koha item type Project Report
Source of classification or shelving scheme
Holdings
Withdrawn status Lost status Source of classification or shelving scheme Damaged status Not for loan Permanent Location Current Location Shelving location Date acquired Full call number Barcode Date last seen Price effective from Koha item type Public note
          Military College of Signals (MCS) Military College of Signals (MCS) Reference 12/12/2016 621.382,HAS MCSPTC-166 12/08/2016 12/12/2016 Project Report Almirah No. 94, Shelf No. 3
© 2023 Central Library, National University of Sciences and Technology. All Rights Reserved.